[Event "Hoogeveen op 26th"]
[Site "Hoogeveen"]
[Date "2023.10.22"]
[Round "2"]
[White "Fehr, Axel"]
[Black "Mellema, Andries"]
[Result "0-1"]
[WhiteElo "2011"]
[BlackElo "2160"]
[PlyCount "124"]
[EventDate "2023.10.21"]
[EventType "swiss"]
[EventRounds "9"]
[EventCountry "NED"]
[SourceTitle "Mega2024 Update 01"]
[Source "Chessbase"]
[SourceDate "2023.11.12"]
[SourceVersion "1"]
[SourceVersionDate "2023.11.12"]
[SourceQuality "1"]

1. c4 e5 2. g3 Nf6 3. Bg2 d5 4. cxd5 Nxd5 5. Nc3 Nb6 6. Nf3 Nc6 7. 0-0 Be7 8. d3 Be6 9. a3 0-0 10. Be3 f5 11. b4 Bf6 12. Rc1 a6 13. Na4 Nxa4 14. Qxa4 Nd4 15. Nxd4 exd4 16. Bf4 c6 17. Qc2 Re8 18. Rfe1 Qd7 19. Qc5 Be7 20. Qb6 Bd8 21. Qc5 a5 22. Be5 axb4 23. axb4 Be7 24. Qxd4 Qxd4 25. Bxd4 Bxb4 26. Bc3 Bxc3 27. Rxc3 Ra2 28. Rc5 Rea8 29. Re5 Kf7 30. f4 Rb2 31. Rc1 Raa2 32. Kf2 Kf6 33. Rcc5 Bd7 34. Bf3 b6 35. Rc1 Rc2 36. Rxc2 Rxc2 37. d4 Rd2 38. Ke3 Rd1 39. h3 h6 40. g4 g6 41. gxf5 gxf5 42. h4 Ra1 43. Kd2 Ra4 44. Kc3 Be6 45. e3 Bd7 46. Kb3 Ra8 47. d5 c5 48. d6 Rd8 49. Bd5 Bc8 50. e4 fxe4 51. Rh5 Kg6 52. Re5 Kf6 53. Rh5 Kg7 54. Bxe4 Rxd6 55. Re5 Be6+ 56. Ka4 Bd7+ 57. Kb3 Rd4 58. h5 Kf6 59. Kc3 Be6 60. Bg6 Rxf4 61. Re1 b5 62. Ra1 b4+ 0-1

[Event "Arco op 43rd"]
[Site "Arco"]
[Date "2021.10.14"]
[Round "6"]
[White "Fehr, Axel"]
[Black "Di Lascio, Savino"]
[Result "1-0"]
[WhiteElo "2079"]
[BlackElo "1904"]
[PlyCount "73"]
[EventDate "2021.10.09"]
[EventType "swiss"]
[EventRounds "9"]
[EventCountry "ITA"]
[SourceTitle "CBM 204 Extra"]
[Source "ChessBase"]
[SourceDate "2021.11.30"]
[SourceVersion "1"]
[SourceVersionDate "2021.11.30"]
[SourceQuality "1"]

1. e4 c6 2. c4 d5 3. cxd5 cxd5 4. exd5 Nf6 5. Nc3 Nxd5 6. Nf3 g6 7. Bc4 Nb6 8. Bb3 Bg7 9. d4 0-0 10. 0-0 Nc6 11. Be3 Bg4 12. h3 Bxf3 13. Qxf3 Na5 14. Rad1 Nxb3 15. axb3 Qd7 16. d5 Nc8 17. Rfe1 Nd6 18. Bg5 Rfe8 19. g4 Rac8 20. Re3 h6 21. Bf4 g5 22. Be5 Bxe5 23. Rxe5 b6 24. Rde1 Rc5 25. Qe3 Kf8 26. f4 f6 27. Re6 Kf7 28. h4 gxh4 29. Qd3 Kg7 30. g5 f5 31. Qd4+ Kf7 32. Rxh6 Rg8 33. Ree6 Nb5 34. Rh7+ Kf8 35. Qe5 Nxc3 36. Qxf5+ Ke8 37. Qf7+ 1-0

[Event "Arco op 41st"]
[Site "Arco"]
[Date "2019.10.05"]
[Round "2"]
[White "Fehr, Axel"]
[Black "Sarkar, Justin"]
[Result "0-1"]
[WhiteElo "2045"]
[BlackElo "2349"]
[PlyCount "62"]
[EventDate "2019.10.04"]
[EventType "swiss"]
[EventRounds "9"]
[EventCountry "ITA"]
[SourceTitle "EXT 2020"]
[Source "ChessBase"]
[SourceDate "2019.10.17"]
[SourceVersion "1"]
[SourceVersionDate "2019.10.17"]
[SourceQuality "1"]

1. e4 e5 2. Nf3 Nc6 3. Bb5 a6 4. Ba4 Nf6 5. 0-0 b5 6. Bb3 Bc5 7. c3 d6 8. a4 Rb8 9. Na3 0-0 10. axb5 axb5 11. d4 Bxa3 12. bxa3 Nxe4 13. Qe1 Nf6 14. dxe5 Re8 15. exf6 Rxe1 16. Rxe1 Bg4 17. Ng5 d5 18. fxg7 h6 19. h3 Bh5 20. g4 Bg6 21. Nf3 Na5 22. Bd1 Qf6 23. Bxh6 Be4 24. Bg5 Qxc3 25. Rc1 Qxa3 26. Nd4 Qxh3 27. f3 Qg3+ 28. Kf1 Bd3+ 29. Be2 Nb3 30. Bxd3 Nxd4 31. Be2 Nxf3 0-1

[Event "Arco op 41st"]
[Site "Arco"]
[Date "2019.10.04"]
[Round "1"]
[White "Bottesi, Gianluca"]
[Black "Fehr, Axel"]
[Result "0-1"]
[WhiteElo "1695"]
[BlackElo "2045"]
[PlyCount "62"]
[EventDate "2019.10.04"]
[EventType "swiss"]
[EventRounds "9"]
[EventCountry "ITA"]
[SourceTitle "EXT 2020"]
[Source "ChessBase"]
[SourceDate "2019.10.17"]
[SourceVersion "1"]
[SourceVersionDate "2019.10.17"]
[SourceQuality "1"]

1. d4 Nf6 2. Nf3 g6 3. c4 Bg7 4. Nc3 d6 5. e4 0-0 6. Be2 Na6 7. 0-0 e5 8. Bg5 Qe8 9. dxe5 dxe5 10. Bxf6 Bxf6 11. Nd5 Bg7 12. Qd2 c6 13. Nc3 Qe7 14. Rfd1 Be6 15. a3 Rfd8 16. Qc2 Bg4 17. b4 Nc7 18. b5 Ne6 19. Rd3 Bxf3 20. Bxf3 Rxd3 21. Qxd3 Rd8 22. Qe3 Nd4 23. Ra2 h5 24. Ne2 Nxb5 25. Nc1 Nd4 26. Nb3 Kh7 27. Nxd4 Rxd4 28. Qb3 Qc5 29. Rc2 Qd6 30. Rc3 Rd2 31. Rc2 Rd1+ 0-1

[Event "Arco op 40th"]
[Site "Arco"]
[Date "2018.10.14"]
[Round "2"]
[White "Fehr, Axel"]
[Black "Zeller, Frank"]
[Result "0-1"]
[WhiteElo "2033"]
[BlackElo "2374"]
[PlyCount "54"]
[EventDate "2018.10.13"]
[EventType "swiss"]
[EventRounds "9"]
[EventCountry "ITA"]
[SourceTitle "CBM 186 Extra"]
[Source "ChessBase"]
[SourceDate "2018.08.24"]
[SourceVersion "1"]
[SourceVersionDate "2018.08.24"]
[SourceQuality "1"]

1. e4 e5 2. Nf3 Nc6 3. Bb5 Nf6 4. d3 Bc5 5. 0-0 Nd4 6. Nxd4 Bxd4 7. c3 Bb6 8. Bg5 c6 9. Ba4 h6 10. Bh4 d6 11. Nd2 g5 12. Bg3 Bg4 13. Qe1 h5 14. h3 h4 15. Bh2 Be6 16. d4 g4 17. hxg4 Nxg4 18. Nf3 Qf6 19. d5 h3 20. dxe6 hxg2 21. exf7+ Kxf7 22. Bb3+ Ke7 23. Kxg2 Nxh2 24. Nxh2 Rxh2+ 25. Kxh2 Qh4+ 26. Kg2 Qg4+ 27. Kh2 Rh8# 0-1

[Event "Ortisei Server24 op 4th"]
[Site "Ortisei"]
[Date "2018.06.19"]
[Round "4"]
[White "Fehr, Axel"]
[Black "Ruecker, Benjamin"]
[Result "1/2-1/2"]
[WhiteElo "2008"]
[BlackElo "2281"]
[PlyCount "53"]
[EventDate "2018.06.16"]
[EventType "tourn"]
[EventRounds "9"]
[EventCountry "ITA"]
[SourceTitle "CBM 185 Extra"]
[Source "ChessBase"]
[SourceDate "2018.07.29"]
[SourceVersion "1"]
[SourceVersionDate "2018.07.29"]
[SourceQuality "1"]

1. e4 e5 2. Nf3 Nc6 3. Bb5 Nge7 4. 0-0 g6 5. c3 Bg7 6. d4 exd4 7. cxd4 a6 8. Ba4 b5 9. Bb3 0-0 10. Bg5 h6 11. Bh4 d6 12. h3 Na5 13. Nc3 Nxb3 14. Qxb3 g5 15. Bg3 Kh8 16. e5 Bb7 17. exd6 cxd6 18. d5 Rc8 19. a4 Bxc3 20. bxc3 Bxd5 21. Qb4 Nf5 22. Qg4 Be6 23. Nd4 Qf6 24. axb5 axb5 25. Qf3 Kg7 26. Nxf5+ Bxf5 27. Bxd6 1/2-1/2

[Event "Ortisei Server24 op 4th"]
[Site "Ortisei"]
[Date "2018.06.17"]
[Round "2"]
[White "Gramb, Marius"]
[Black "Fehr, Axel"]
[Result "0-1"]
[WhiteElo "2155"]
[BlackElo "2008"]
[PlyCount "66"]
[EventDate "2018.06.16"]
[EventType "tourn"]
[EventRounds "9"]
[EventCountry "ITA"]
[SourceTitle "CBM 185 Extra"]
[Source "ChessBase"]
[SourceDate "2018.07.29"]
[SourceVersion "1"]
[SourceVersionDate "2018.07.29"]
[SourceQuality "1"]

1. d4 g6 2. e4 Bg7 3. Nc3 d6 4. f4 Nf6 5. Nf3 Nc6 6. Bd3 Bg4 7. Be3 e5 8. fxe5 dxe5 9. d5 Nd4 10. Be2 Bxf3 11. Bxf3 0-0 12. 0-0 c6 13. dxc6 bxc6 14. Ne2 Nxf3+ 15. gxf3 Qe7 16. Qd3 Rfd8 17. Qc4 Nh5 18. Kh1 Qf6 19. c3 Rd7 20. f4 Rad8 21. f5 Qh4 22. fxg6 hxg6 23. Rg1 Qh3 24. Ng3 Rd2 25. Bxd2 Rxd2 26. Ne2 Qf3+ 27. Rg2 Bh6 28. b4 Be3 29. a4 Bf2 30. Ng1 Bxg1 31. Raxg1 Ng3+ 32. hxg3 Qh5+ 33. Rh2 Qxh2# 0-1

[Event "Hoogeveen op 21st"]
[Site "Hoogeveen"]
[Date "2017.10.27"]
[Round "8"]
[White "Fehr, Axel"]
[Black "Mellema, Andries"]
[Result "0-1"]
[WhiteElo "2081"]
[BlackElo "2164"]
[PlyCount "82"]
[EventDate "2017.10.21"]
[EventType "swiss"]
[EventRounds "9"]
[EventCountry "NED"]
[SourceTitle "CBM 181 Extra"]
[Source "ChessBase"]
[SourceDate "2017.12.12"]
[SourceVersion "1"]
[SourceVersionDate "2017.12.12"]
[SourceQuality "1"]

1. Nf3 Nf6 2. b3 d5 3. Bb2 c5 4. g3 Nc6 5. Bg2 e6 6. 0-0 Be7 7. d3 0-0 8. Nbd2 b5 9. a4 b4 10. e4 Ba6 11. Re1 Rc8 12. h4 Na5 13. exd5 exd5 14. Be5 Nd7 15. Ng5 Nxe5 16. Rxe5 Bb7 17. Qh5 h6 18. Bh3 Bf6 19. Rae1 Bxe5 20. Rxe5 Rc7 21. Ndf3 Nc6 22. Re6 f6 23. Bf5 fxg5 24. Qg6 Rxf5 25. Re8+ Qxe8 26. Qxe8+ Rf8 27. Qe6+ Kh7 28. hxg5 Nd4 29. g6+ Kh8 30. Nxd4 cxd4 31. Qd6 Rfc8 32. Qxb4 Ba8 33. Qxd4 Rxc2 34. b4 Rf8 35. f4 Rfc8 36. f5 Ra2 37. Qe3 d4 38. Qf4 Re8 39. Qc1 Rae2 40. Kf1 Bg2+ 41. Kg1 Re1+ 0-1

[Event "Hoogeveen op 21st"]
[Site "Hoogeveen"]
[Date "2017.10.26"]
[Round "7"]
[White "Kotyk, Michael"]
[Black "Fehr, Axel"]
[Result "1/2-1/2"]
[WhiteElo "1921"]
[BlackElo "2081"]
[PlyCount "188"]
[EventDate "2017.10.21"]
[EventType "swiss"]
[EventRounds "9"]
[EventCountry "NED"]
[SourceTitle "CBM 181 Extra"]
[Source "ChessBase"]
[SourceDate "2017.12.12"]
[SourceVersion "1"]
[SourceVersionDate "2017.12.12"]
[SourceQuality "1"]

1. d4 Nf6 2. c4 g6 3. Nc3 Bg7 4. e4 d6 5. Be2 0-0 6. Be3 Na6 7. h4 e5 8. d5 Nc5 9. f3 Nh5 10. g4 Nf4 11. Bf2 f5 12. Rh2 fxg4 13. fxg4 a5 14. Qd2 Bd7 15. 0-0-0 Qc8 16. h5 Bh6 17. Be3 g5 18. Nh3 Kh8 19. Nxf4 gxf4 20. Bf2 Bg5 21. h6 Qd8 22. Bf3 Rg8 23. Kb1 Rg6 24. Rdh1 Qc8 25. Qd1 Qf8 26. Rh5 Rg8 27. Qg1 Be8 28. R5h3 Nd3 29. Bh4 Bxh4 30. Rxh4 Rg5 31. Qf1 Nc5 32. Qe1 Qe7 33. Ne2 Bd7 34. Ng1 b6 35. Nh3 Rg6 36. Nf2 Rg5 37. b3 Be8 38. Nh3 Rg8 39. g5 Bg6 40. Rg1 Rgb8 41. Qe2 Rf8 42. Qc2 Rfb8 43. a4 Rf8 44. Nf2 Rf7 45. Ka2 Qd7 46. Ka3 Qe7 47. Qe2 Raf8 48. Qf1 Rg8 49. Ka2 Qd8 50. Rgg4 Rgf8 51. Qh1 Qd7 52. Ka3 Qe7 53. Rg1 Rg8 54. Nh3 Rgf8 55. Qg2 Rg8 56. Qe2 Rgf8 57. Nf2 Qd8 58. Nd1 Qe7 59. Nc3 Qd8 60. Kb2 Qe7 61. Nb5 Qd7 62. Na3 Qe7 63. Nc2 Qd7 64. Ka3 Qe7 65. Ne1 Qd8 66. Rhg4 Qe7 67. Ng2 Bh5 68. Rh4 Bxf3 69. Qxf3 Qxg5 70. Rg4 Qxh6 71. Nh4 Qf6 72. Ng6+ hxg6 73. Rxg6 Qxg6 74. Rxg6 Rh7 75. Rg5 Rh4 76. b4 axb4+ 77. Kxb4 Rg8 78. Rh5+ Rxh5 79. Qxh5+ Kg7 80. Qg5+ Kh7 81. Qf5+ Kh6 82. Kb5 Rg7 83. Kc6 Nxa4 84. Kb7 Nc5+ 85. Kc8 Rh7 86. Kd8 Rg7 87. Ke8 Rg8+ 88. Kf7 Rg7+ 89. Kf8 Nd7+ 90. Ke8 Nc5 91. Qf6+ Kh7 92. Qf5+ Kg8 93. Qf8+ Kh7 94. Qf6 Kg8 1/2-1/2

[Event "Hoogeveen op 21st"]
[Site "Hoogeveen"]
[Date "2017.10.23"]
[Round "3"]
[White "Fehr, Axel"]
[Black "Kutchoukov, Daniel"]
[Result "1-0"]
[WhiteElo "2081"]
[BlackElo "1913"]
[PlyCount "45"]
[EventDate "2017.10.21"]
[EventType "swiss"]
[EventRounds "9"]
[EventCountry "NED"]
[SourceTitle "CBM 181 Extra"]
[Source "ChessBase"]
[SourceDate "2017.12.12"]
[SourceVersion "1"]
[SourceVersionDate "2017.12.12"]
[SourceQuality "1"]

1. d4 Nf6 2. Bf4 g6 3. Nc3 Bg7 4. e4 d6 5. Qd2 Nbd7 6. 0-0-0 0-0 7. Bh6 c5 8. Bxg7 Kxg7 9. e5 dxe5 10. dxe5 Ng4 11. f4 Qa5 12. h3 Nh6 13. g4 Rb8 14. Bb5 Nb6 15. f5 f6 16. Nf3 Nf7 17. exf6+ exf6 18. Qf4 Ra8 19. Rhe1 a6 20. Bf1 Bd7 21. Re7 Bc6 22. fxg6 hxg6 23. Rd6 1-0

[Event "Hoogeveen op 21st"]
[Site "Hoogeveen"]
[Date "2017.10.22"]
[Round "2"]
[White "Van Foreest, Machteld"]
[Black "Fehr, Axel"]
[Result "1-0"]
[WhiteElo "1829"]
[BlackElo "2081"]
[PlyCount "111"]
[EventDate "2017.10.21"]
[EventType "swiss"]
[EventRounds "9"]
[EventCountry "NED"]
[SourceTitle "CBM 181 Extra"]
[Source "ChessBase"]
[SourceDate "2017.12.12"]
[SourceVersion "1"]
[SourceVersionDate "2017.12.12"]
[SourceQuality "1"]

1. e4 c5 2. Nf3 d6 3. d4 cxd4 4. Nxd4 Nf6 5. Nc3 a6 6. Bg5 e6 7. f4 h6 8. Bxf6 Qxf6 9. Qd2 g5 10. fxg5 hxg5 11. 0-0-0 Nc6 12. g3 Nxd4 13. Qxd4 Qxd4 14. Rxd4 Bd7 15. Bg2 Bc6 16. h3 Rd8 17. Rhd1 Ke7 18. Re1 Bg7 19. Rd3 Be5 20. Ne2 Rc8 21. Nd4 Ba4 22. b3 Bd7 23. Kb1 Rc5 24. Red1 Rhc8 25. R1d2 Be8 26. h4 gxh4 27. gxh4 Rc3 28. Ne2 R3c7 29. h5 Bc6 30. Rh3 Rh8 31. Rd1 Rcc8 32. Bf3 Rcg8 33. Rg1 Rxg1+ 34. Nxg1 Bf4 35. Ne2 Be5 36. c4 b5 37. cxb5 axb5 38. Nc1 Kf6 39. Nd3 Kg5 40. Nxe5 dxe5 41. Kc2 f5 42. Kc3 Rh6 43. Kb4 Kf4 44. Be2 fxe4 45. Kc5 Be8 46. Kd6 e3 47. Ke7 Bxh5 48. Rxh5 Rxh5 49. Bxh5 b4 50. Kxe6 Ke4 51. Be2 Kd4 52. Kf5 Kc3 53. Kxe5 Kb2 54. Kd4 Kxa2 55. Kc4 Ka3 56. Bh5 1-0

[Event "Reykjavik op"]
[Site "Reykjavik"]
[Date "2017.04.27"]
[Round "10"]
[White "Mesman, Edwyn"]
[Black "Fehr, Axel"]
[Result "1/2-1/2"]
[WhiteElo "2199"]
[BlackElo "2102"]
[PlyCount "164"]
[EventDate "2017.04.19"]
[EventType "swiss"]
[EventRounds "10"]
[EventCountry "ISL"]
[SourceTitle "CBM 178 Extra"]
[Source "ChessBase"]
[SourceDate "2017.06.22"]
[SourceVersion "1"]
[SourceVersionDate "2017.06.22"]
[SourceQuality "1"]

1. d4 Nf6 2. c4 g6 3. Nc3 Bg7 4. e4 d6 5. f3 0-0 6. Be3 c5 7. Nge2 Nc6 8. d5 Ne5 9. Ng3 e6 10. Be2 exd5 11. cxd5 h5 12. 0-0 a6 13. a4 Re8 14. Nh1 Nh7 15. Nf2 f5 16. Qd2 Qh4 17. f4 Nf7 18. Bd3 Bd7 19. Rae1 Rab8 20. exf5 gxf5 21. Nh3 Nf6 22. Bf2 Qg4 23. Ng5 Nxg5 24. fxg5 Nh7 25. Bg3 Bd4+ 26. Kh1 Be5 27. Bxe5 dxe5 28. h3 Qd4 29. g6 Nf6 30. Qg5 e4 31. Be2 Kg7 32. Bxh5 Rh8 33. Bd1 Rbe8 34. Ne2 Qe5 35. Nf4 c4 36. Ne6+ Bxe6 37. dxe6 Qxe6 38. Rxf5 Ref8 39. Re5 Qd6 40. Be2 Rh6 41. Rd1 Qc7 42. Rc5 Qe7 43. Rxc4 Rxg6 44. Qa5 Rf7 45. Rc5 b6 46. Qxb6 Nd7 47. Rxd7 Qxd7 48. Qb8 Qd6 49. Qxd6 Rxd6 50. Re5 Rd4 51. Bxa6 Rxa4 52. Bb5 Rb4 53. Bc6 Rf1+ 54. Kh2 Re1 55. Kg3 Kf6 56. Re8 Kf7 57. Re5 Kf6 58. Re8 e3 59. Kf3 Rc4 60. Bb5 Rc5 61. Bd3 Re5 62. Rxe5 Kxe5 63. Be2 Kd4 64. b4 Ra1 65. b5 Ra8 66. Bf1 Rf8+ 67. Ke2 Rf2+ 68. Ke1 Rb2 69. g4 Rb1+ 70. Ke2 Rxb5 71. Kf3 Rb8 72. Ba6 Rf8+ 73. Kg3 Ra8 74. Be2 Ra2 75. Bb5 Rf2 76. Ba6 Ke5 77. Bb5 Rb2 78. Ba6 Ra2 79. Bc4 Rc2 80. Ba6 Ra2 81. Bc4 Rc2 82. Ba6 Ra2 1/2-1/2

[Event "Reykjavik op"]
[Site "Reykjavik"]
[Date "2017.04.26"]
[Round "9"]
[White "Fehr, Axel"]
[Black "Briem, Stephan"]
[Result "1-0"]
[WhiteElo "2102"]
[BlackElo "1865"]
[PlyCount "81"]
[EventDate "2017.04.19"]
[EventType "swiss"]
[EventRounds "10"]
[EventCountry "ISL"]
[SourceTitle "CBM 178 Extra"]
[Source "ChessBase"]
[SourceDate "2017.06.22"]
[SourceVersion "1"]
[SourceVersionDate "2017.06.22"]
[SourceQuality "1"]

1. Nf3 Nf6 2. c4 e6 3. Nc3 b6 4. g3 Bb7 5. Bg2 Be7 6. d4 0-0 7. 0-0 d6 8. Qc2 Nbd7 9. Rd1 d5 10. Ne5 c5 11. cxd5 exd5 12. Bf4 Rc8 13. Qa4 cxd4 14. Nxd7 dxc3 15. Nxf8 Bxf8 16. bxc3 Bc5 17. Bh3 Ra8 18. Be5 Ne4 19. Bd4 Bxd4 20. Qxd4 Qe7 21. Rac1 Rf8 22. Bg2 f5 23. e3 h6 24. c4 dxc4 25. Qxc4+ Rf7 26. Rd4 Kh7 27. h4 g5 28. Rcd1 Nc5 29. Bxb7 Qxb7 30. Qd5 Qc7 31. hxg5 hxg5 32. Kg2 Ne4 33. Rh1+ Kg6 34. Rc4 Nc5 35. Rh8 Qe7 36. Kg1 Ne4 37. Rcc8 Nf6 38. Qh1 Nh7 39. Rcg8+ Kf6 40. Qh6+ Ke5 41. Re8 1-0

[Event "Reykjavik op"]
[Site "Reykjavik"]
[Date "2017.04.23"]
[Round "6"]
[White "Bjornsson, Sigurbjorn"]
[Black "Fehr, Axel"]
[Result "1-0"]
[WhiteElo "2279"]
[BlackElo "2102"]
[PlyCount "95"]
[EventDate "2017.04.19"]
[EventType "swiss"]
[EventRounds "10"]
[EventCountry "ISL"]
[SourceTitle "CBM 178 Extra"]
[Source "ChessBase"]
[SourceDate "2017.06.22"]
[SourceVersion "1"]
[SourceVersionDate "2017.06.22"]
[SourceQuality "1"]

1. e4 Nf6 2. e5 Nd5 3. d4 d6 4. c4 Nb6 5. exd6 exd6 6. Nc3 Be7 7. Bd3 0-0 8. Nge2 Nc6 9. 0-0 Bf6 10. Be3 d5 11. c5 Nc4 12. Bxc4 dxc4 13. Qa4 Be6 14. Rad1 Ne7 15. Nf4 Bg4 16. f3 Bd7 17. Qxc4 Nf5 18. Bf2 b5 19. Qd3 g6 20. b3 b4 21. Ne4 Bh8 22. d5 a5 23. Rfe1 Bc8 24. Ng3 Bc3 25. Nxf5 Bxf5 26. Qc4 Bxe1 27. Bxe1 Re8 28. Bf2 Qg5 29. Qd4 Rad8 30. d6 c6 31. h4 Qh6 32. Qf6 Qg7 33. Bd4 Qxf6 34. Bxf6 Rd7 35. g4 Be6 36. Re1 Ra7 37. Nd3 Kf8 38. Ne5 Rc8 39. Re4 Rb7 40. Kf2 Ra7 41. Ke3 Rb7 42. Kd4 Ra7 43. Re1 Rb7 44. f4 Ra7 45. h5 gxh5 46. f5 Bd7 47. Rh1 Kg8 48. Rxh5 1-0

[Event "Basel op"]
[Site "Basel"]
[Date "2017.01.02"]
[Round "1"]
[White "Fehr, Axel"]
[Black "Filipovic, Branko"]
[Result "0-1"]
[WhiteElo "2148"]
[BlackElo "2402"]
[PlyCount "62"]
[EventDate "2017.01.02"]
[EventType "swiss"]
[EventRounds "9"]
[EventCountry "SUI"]
[SourceTitle "CBM 176 Extra"]
[Source "ChessBase"]
[SourceDate "2017.03.02"]
[SourceVersion "1"]
[SourceVersionDate "2017.03.02"]
[SourceQuality "1"]

1. c4 Nc6 2. g3 e5 3. Bg2 g6 4. Nc3 Bg7 5. d3 Nf6 6. e4 d6 7. Nge2 0-0 8. 0-0 Be6 9. Nd5 Nd7 10. Be3 Nd4 11. Qd2 c6 12. Bxd4 exd4 13. Ndf4 a5 14. Nxe6 fxe6 15. f4 Nc5 16. Bh3 Qb6 17. Kh1 Qb4 18. Qc2 e5 19. Ng1 Rae8 20. f5 d5 21. cxd5 cxd5 22. Rac1 b6 23. exd5 e4 24. fxg6 Nxd3 25. Rf7 hxg6 26. Rxf8+ Rxf8 27. Be6+ Kh7 28. Nh3 Qe7 29. Rd1 Qf6 30. Bg4 Bh6 31. Be6 Qf3+ 0-1

[Event "Hasselbacken op"]
[Site "Stockholm"]
[Date "2016.05.07"]
[Round "8"]
[White "Fehr, Axel"]
[Black "Hess, Christian"]
[Result "1/2-1/2"]
[WhiteElo "2143"]
[BlackElo "2241"]
[PlyCount "61"]
[EventDate "2016.04.30"]
[EventType "swiss"]
[EventRounds "9"]
[EventCountry "SWE"]
[SourceTitle "CBM 172 Extra"]
[Source "ChessBase"]
[SourceDate "2016.06.21"]
[SourceVersion "1"]
[SourceVersionDate "2016.06.21"]
[SourceQuality "1"]

1. c4 Nf6 2. g3 c6 3. Bg2 g6 4. Nf3 Bg7 5. 0-0 0-0 6. Nc3 d5 7. cxd5 cxd5 8. d4 Ne4 9. Nxe4 dxe4 10. Ng5 Qxd4 11. Qxd4 Bxd4 12. Rd1 Nc6 13. Bxe4 Bg7 14. h4 Bf5 15. Bxf5 gxf5 16. Be3 Rfd8 17. Rab1 b6 18. Rxd8+ Rxd8 19. Rc1 Rd6 20. b4 Bd4 21. Bxd4 Nxd4 22. Rc7 h6 23. Nh3 e5 24. Rxa7 Nxe2+ 25. Kg2 Nc3 26. a3 Kg7 27. Ng1 e4 28. Nh3 Rd2 29. Kf1 Rd1+ 30. Kg2 Rd2 31. Kf1 1/2-1/2

[Event "Hasselbacken op"]
[Site "Stockholm"]
[Date "2016.05.02"]
[Round "3"]
[White "Rietze, Clemens"]
[Black "Fehr, Axel"]
[Result "1-0"]
[WhiteElo "2354"]
[BlackElo "2143"]
[PlyCount "47"]
[EventDate "2016.04.30"]
[EventType "swiss"]
[EventRounds "9"]
[EventCountry "SWE"]
[SourceTitle "CBM 172 Extra"]
[Source "ChessBase"]
[SourceDate "2016.06.21"]
[SourceVersion "1"]
[SourceVersionDate "2016.06.21"]
[SourceQuality "1"]

1. d4 d6 2. c4 f5 3. Nc3 Nf6 4. g3 g6 5. Bg2 Bg7 6. Nf3 0-0 7. 0-0 c6 8. d5 Na6 9. dxc6 bxc6 10. Nd4 Bd7 11. Nxc6 Qe8 12. Nd4 Rb8 13. Ndb5 Nc5 14. Nxa7 Rb4 15. b3 Nfe4 16. Nxe4 fxe4 17. Ba3 Rb6 18. Bxc5 dxc5 19. Qd5+ Kh8 20. Rad1 Rd6 21. Qxc5 Bg4 22. Qe3 Re6 23. Nb5 h5 24. Nc7 1-0

[Event "Arco op 37th"]
[Site "Arco"]
[Date "2015.10.16"]
[Round "7"]
[White "Vezzosi, Paolo"]
[Black "Fehr, Axel"]
[Result "1/2-1/2"]
[WhiteElo "2355"]
[BlackElo "2101"]
[PlyCount "87"]
[EventDate "2015.10.10"]
[EventType "swiss"]
[EventRounds "9"]
[EventCountry "ITA"]
[SourceTitle "CBM 168 Extra"]
[Source "ChessBase"]
[SourceDate "2015.10.29"]
[SourceVersion "1"]
[SourceVersionDate "2015.10.29"]
[SourceQuality "1"]

1. Nf3 c5 2. e4 e6 3. d4 cxd4 4. Nxd4 Nc6 5. Nb5 d6 6. c4 a6 7. N5c3 Nf6 8. Be2 Be7 9. Be3 0-0 10. 0-0 b6 11. Nd2 Bb7 12. Qb3 Nd7 13. a3 Bf6 14. Rac1 Bd4 15. Bxd4 Nxd4 16. Qd1 Nf6 17. Bd3 Rc8 18. Re1 Nc6 19. Qe2 Ne5 20. Bb1 Re8 21. f4 Ng6 22. g3 Qc7 23. Bd3 h5 24. Nf3 Ng4 25. Ng5 Qc5+ 26. Kf1 Qc6 27. Rc2 Ne7 28. h3 Nf5 29. Qf3 Nd4 30. Qh1 Nxc2 31. hxg4 Nxe1 32. Qxh5 Rc7 33. Kxe1 Qc5 34. Kd2 Qd4 35. Qh7+ Kf8 36. Qh2 b5 37. Nf3 Qb6 38. cxb5 Ke7 39. Qe2 Rh8 40. Nh4 Ke8 41. g5 Qd4 42. Nf3 Qb6 43. Nh4 Qd4 44. Nf3 1/2-1/2

[Event "Reykjavik op"]
[Site "Reykjavik"]
[Date "2014.03.09"]
[Round "7"]
[White "Fehr, Axel"]
[Black "Khademalsharieh, Sarasadat"]
[Result "0-1"]
[WhiteElo "2101"]
[BlackElo "2294"]
[PlyCount "58"]
[EventDate "2014.03.04"]
[EventType "swiss"]
[EventRounds "10"]
[EventCountry "ISL"]
[SourceTitle "CBM 159 Extra"]
[Source "ChessBase"]
[SourceDate "2014.04.24"]
[SourceVersion "1"]
[SourceVersionDate "2014.04.24"]
[SourceQuality "1"]

1. e4 e5 2. Nf3 Nc6 3. Bb5 a6 4. Bxc6 dxc6 5. 0-0 Qd6 6. Na3 Be6 7. Qe2 f6 8. Nc4 Qd7 9. c3 c5 10. Rd1 Qf7 11. b3 b5 12. Ne3 Bd6 13. d4 cxd4 14. cxd4 exd4 15. Nxd4 Ne7 16. Nef5 Bxf5 17. exf5 0-0 18. Ne6 Rfe8 19. g4 g6 20. Kh1 gxf5 21. Bh6 f4 22. Ng7 Nf5 23. Nxe8 Rxe8 24. Qf3 Nxh6 25. Rd5 Kh8 26. Rh5 Qg6 27. Rg1 Nf7 28. Rf5 Ng5 29. Qd5 Nh3 0-1